Word Ladder: 'Stan' Singer Quiz Stats

 Plays Quiz Updated Jul 12, 2019

Score 0/17 Timer 02:00
1 Play Today
Clue 4-Letter Word % Correct
The red planet♪ MARS ♪
99.7%
Relative of a rabbitHARE
97.2%
Female horseMARE
96.8%
Algebra or geometry♪ MATH ♪
95.6%
Actor Christian of 'The Dark Knight'BALE
95.4%
Shower alternativeBATH
95.3%
Sporting orbBALL
93.3%
At this locationHERE
92%
Room in Clue♪ HALL ♪
90.9%
Clue 4-Letter Word % Correct
Give a job toHIRE
90.9%
Win in chessMATE
90.3%
HealthyHALE
89%
A huge partyBASH
84.5%
SwampMIRE
83.7%
A small arachnidMITE
82.9%
Corner of a diamondBASE
81.6%
Word stitched onto some towels or robes♪ HERS ♪
71.6%

Today's Daily Dose

You're not logged in!

Compare scores with friends on all Sporcle quizzes.
OR
Log In

Sporcle TV

Today on Sporcle TV


Watch our educational content, quiz creation guides, and fun videos on Sporcle TV.

Show Comments

Extras

Top Quizzes Today


Score Distribution

Your Account Isn't Verified!

In order to create a playlist on Sporcle, you need to verify the email address you used during registration. Go to your Sporcle Settings to finish the process.

Report this User

Report this user for behavior that violates our Community Guidelines.

Details: